000 00423 a2200157 4500
003 OSt
005 20240111113858.0
008 240111b |||||||| |||| 00| 0 eng d
040 _coclc
082 _a297
_bAKB/M
100 _aAkbar, M M
_92026
245 _aMokshathinte Margam /
_cM M Akbar
260 _aKerala:
_bDa'wa books,
_c2017.
300 _a57p
942 _2ddc
_cBK
_h297
_iAKB/M
_k297
_mAKB/M
999 _c43144
_d43144